| 000 | 00456nam a2200133Ia 4500 | ||
|---|---|---|---|
| 008 | 211109s9999||||xx |||||||||||||| ||und|| | ||
| 082 |
_a894.8123 _bPUN-P |
||
| 100 | _aPunathil Kunjabdullah, | ||
| 245 | 0 | _aPunathil Kunjabdullayude Minikkadakal | |
| 260 |
_bDntd By Prof T J Mathai Dept Of Mal _aSbc Chry _c1900 |
||
| 630 | _xGeneral stack | ||
| 650 |
_aMalayalam literature _vMalayalam novel _xmalayalam fictionLiterature & rhetoricGeneralia |
||
| 942 | _cBOOK | ||
| 999 |
_c48955 _d48955 |
||